000 00318nam a2200121 4500
082 _a001/GUP
100 _aGUPTA, Nikhil
_981974
245 _aBlackbook General Awareness 25000+One Liners
250 _aJanauary 2023 Edition
260 _aDelhi
_bGupta EduTech
_c2023
650 _aGeneral Awareness
_981909
942 _cBK
999 _c66221
_d66221